| 000 | 00861nam a2200265 a 4500 | ||
|---|---|---|---|
| 999 |
_c10915 _d10915 |
||
| 001 | 10915 | ||
| 003 | BD-JhCC | ||
| 005 | 20191115134008.0 | ||
| 008 | 190528b2018 bd ||||| a||| 00| 0 eng d | ||
| 020 | _a9789849359500 | ||
| 035 | _a(BD-JhCC)10915 | ||
| 040 |
_aBD-JhCC _dBD-JhCC |
||
| 041 | _aben | ||
| 082 |
_bHAW 2018 _a927 |
||
| 100 | _aহকিং, স্টিফেন | ||
| 245 |
_aমাই ব্রিফ হিস্টি : _bআত্নস্মৃতি / _cস্টিফেন হকিং এবং আবুল বাশার (অনু.) |
||
| 260 |
_aঢাকা: _bপ্রথমা প্রকাশন; _c2018. |
||
| 300 |
_a167 p. : _bill,: _c18 cm. |
||
| 600 | _aHawking, Stephen | ||
| 650 | _aAutobiography | ||
| 650 | _aMemories | ||
| 700 | _aবাশার, আবুল | ||
| 942 |
_2ddc _cBK _03 |
||